000 01833nam0a2200361 4500
001 RU\NLR\bibl\1755833
005 20250616122146.0
010 _a5-93629-287-8
_9500
035 _a(NLR Aleph) 001746671
090 _a1493056
_c1493056
100 _a20110208d2007 |||y0rusy50 ca
101 0 _arus
_deng
102 _aRU
105 _aa |||||||||
200 1 _aРадионуклидная диагностика патологии малого круга кровообращения
_dRadionuclide diagnostics of pathology of pulmonary circulation
_fЮ.Б. Лишманов, Н.Г. Кривоногов, К.В. Завадовский
_gРос. акад. мед. наук, Сиб. отд-ние, Том. науч. центр, ГУ НИИ кардиологии
_zeng
210 _aТомск
_cSTT
_d2007
215 _a180 с., [12] л. цв. ил.
_cил.
_d21
300 _aАвт. также на англ. яз.: Yu.V. Lishmanov, N.G. Krivonogov, K.V. Zavadovsky
300 _aРез. на англ. яз.
320 _aБиблиогр. в конце гл.
510 0 _6z77790
_aRadionuclide diagnostics of pathology of pulmonary circulation
_zeng
606 1 _aКровообращение
_xМалый круг
_xПатология
_xРадионуклидная диагностика
_92616612
_3RU\NLR\auth\661553172
686 _aР410.1-436.7
700 1 _aЛишманов
_bЮ. Б.
_gЮрий Борисович
_4070
701 1 _aКривоногов
_bН. Г.
_gНиколай Георгиевич
_4070
701 1 _aЗавадовский
_bК. В.
_gКонстантин Валерьевич
_4070
790 1 _6z77510
_aLismanov
_bYu. B.
_gJurij Borisovic
_4070
801 0 _aRU
_bNLR
_c20110208
_gRCR
801 1 _aRU
_bNLR
_c20110208
830 _aавт. по кн.
942 _cBOOK
980 _aNB